Normal view MARC view
  • Iqbal,Mohammad

Entry Personal Name

Number of records used in: 1

001 - CONTROL NUMBER

  • control field: 104333

003 - CONTROL NUMBER IDENTIFIER

  • control field: NUST

005 - DATE AND TIME OF LATEST TRANSACTION

  • control field: 20221207124053.0

008 - FIXED-LENGTH DATA ELEMENTS

  • fixed length control field: 221207|| aca||aabn | a|a d

040 ## - CATALOGING SOURCE

  • Original cataloging agency: NUST
  • Transcribing agency: NUST

100 ## - HEADING--PERSONAL NAME

  • Personal name: Iqbal,Mohammad

670 ## - SOURCE DATA FOUND

  • Source citation: Work cat.: (NUST)185430: Iqbal,Mohammad, Reconstruction of Religious Thought in Islam / , 1960
© 2023 Central Library, National University of Sciences and Technology. All Rights Reserved.